La Isla de Pascua: estudio de los títulos de dominio, de los derechos y de los contratos de don Enrique Merlet y de la Compañía Explotadora de la Isla de Pascua
Uloženo v:
| Hlavní autor: | |
|---|---|
| Médium: | Kniha |
| Jazyk: | španělština |
| Vydáno: |
Valparaíso
Universo
1916
|
| Témata: | |
| Tagy: |
Přidat tag
Žádné tagy, Buďte první, kdo vytvoří štítek k tomuto záznamu!
|
MARC
| LEADER | 00000nam a2200000 a 4500 | ||
|---|---|---|---|
| 001 | UCP8020 | ||
| 003 | CL-VaPUC | ||
| 005 | 20250328162319.0 | ||
| 008 | 000106e19160000CL |||||||||||||||||spa|d | ||
| 999 | |c 285055 |d 285053 | ||
| 040 | |c Pontificia Universidad Católica de Valparaíso | ||
| 082 | 0 | 4 | |a 346.0432 |b ISL |2 21 |
| 100 | 1 | |a Rocuant, Enrique |e autor |9 505253 | |
| 245 | 1 | 3 | |a La Isla de Pascua: estudio de los títulos de dominio, de los derechos y de los contratos de don Enrique Merlet y de la Compañía Explotadora de la Isla de Pascua |
| 260 | |a Valparaíso |b Universo |c 1916 | ||
| 300 | |a 96 p | ||
| 583 | |a last modification |c 20000106 00:00:00 |k Rodrigo Vera | ||
| 600 | 0 | 7 | |a Merlet, Enrique |2 CL-VaPUC |9 437818 |d 1867-1940 |
| 650 | 0 | |a Títulos de dominio |9 327339 |z Chile |z Isla de Pascua | |
| 650 | 7 | |a Tenencia de la tierra |2 CL-VaPUC |9 264417 |z Chile |z Isla de Pascua | |
| 650 | 0 | |a Contratos administraticos |9 255153 |z Chile |y Siglo 20 | |
| 651 | 0 | |a Isla de Pascua |9 261357 |x Condiciones económicas | |
| 651 | 0 | |a Isla de Pascua |x Descripciones y viajes |9 897738 | |
| 942 | |c BK |2 ddc | ||
| 945 | |d 20000106 00:00:00 |a crobeson | ||
| 952 | |0 0 |1 0 |4 0 |6 346_043200000000000_ISL_1916 |7 0 |8 X |9 329418 |a BIBHIS |b BIBHIS |d 2019-11-20 |i 1374370 |o 346.0432 ISL 1916 |p 1374370 |r 2024-01-30 |w 2019-11-20 |y BK_X |k HIS | ||